Reforma del impuesto a las ganancias 2013 (Registro nro. 20956)

Detalles MARC
000 -LEADER
fixed length control field 00335 a2200109 4500
001 - CONTROL NUMBER
control field ART_41717
005 - DATE AND TIME OF LATEST TRANSACTION
control field 20260410161805.0
008 - FIXED-LENGTH DATA ELEMENTS--GENERAL INFORMATION
fixed length control field 260409a
100 1# - MAIN ENTRY--PERSONAL NAME
Personal name Cerchiara, Claudia M.
245 10 - TITLE STATEMENT
Title Reforma del impuesto a las ganancias 2013
773 0# - HOST ITEM ENTRY
Title Doctrina Societaria y Concursal
Related parts - Nº 312 (nov. 2013)
Record control number REV4298

No hay ítems disponibles.